书目信息 |
| 题名: |
浮选技术问答
|
|
| 作者: | 龚明光 编著 | |
| 分册: | ||
| 出版信息: | 北京 冶金工业出版社 2012.10 |
|
| 页数: | xiii, 334页 | |
| 开本: | 24cm | |
| 丛书名: | ||
| 单 册: | ||
| 中图分类: | TD923-44 | |
| 科图分类: | ||
| 主题词: | 浮游选矿--选矿技术--问题解答 | |
| 电子资源: | ||
| ISBN: | 978-7-5024-6054-9 | |
| 000 | 00808nam0 2200241 45 | |
| 001 | 1355416061 | |
| 005 | 20130513150923.20 | |
| 010 | @a978-7-5024-6054-9@dCNY56.00 | |
| 100 | @a20130108d2012 em y0chiy0121 ea | |
| 101 | 0 | @achi |
| 102 | @aCN@b110000 | |
| 105 | @aak a 000yy | |
| 106 | @ar | |
| 200 | 1 | @a浮选技术问答@AFu Xuan Ji Shu Wen Da@f龚明光编著@FGong Ming Guang Bian Zhu |
| 210 | @a北京@c冶金工业出版社@d2012.10 | |
| 215 | @axiii, 334页@c图@d24cm | |
| 320 | @a有书目 (第334页) | |
| 330 | @a本书共有16章, 围绕选别金属矿石的实际生产需要, 介绍了金属矿物及其常见伴生矿物的泡沫浮选、枱浮和溜槽粒浮基本方法。 | |
| 606 | 0 | @a浮游选矿@x选矿技术@j问题解答 |
| 690 | @aTD923-44@v5 | |
| 701 | 0 | @a龚明光@AGong Ming Guang@4编著 |
| 801 | @aCN@bTANGWEI@c20130111 | |
| 905 | @b0831165-67@dTD923-44@e25@f3 | |
| 浮选技术问答/龚明光编著.-北京:冶金工业出版社,2012.10 |
| xiii, 334页:图;24cm |
| ISBN 978-7-5024-6054-9:CNY56.00 |
| 本书共有16章, 围绕选别金属矿石的实际生产需要, 介绍了金属矿物及其常见伴生矿物的泡沫浮选、枱浮和溜槽粒浮基本方法。 |
| ● |
| 相关链接 |
|
|
|
|
正题名:浮选技术问答
索取号:TD923-44/25
 
预约/预借
| 序号 | 登录号 | 条形码 | 馆藏地/架位号 | 状态 | 备注 |
| 1 | 0831165 | 208311655 | 第二样本阅览室/ [索取号:TD923-44/25] | 在馆 | |
| 2 | 0831166 | 208311664 | 第三借阅区/ [索取号:TD923-44/25] | 在馆 | |
| 3 | 0831167 | 208311673 | 第三借阅区/ [索取号:TD923-44/25] | 在馆 |